Football Career Path #1 - Statistics

General Stats
  • This quiz has been taken 50 times
  • The average score is 10 of 15
Answer Stats
Nationality Career Path Player % Correct
France Rennes II 2014 - Rennes 2015 - Borussia Dortmund 2016 - Barcelona 2017 - Paris Saint-Germain 2023 Ousmane Dembélé
93%
Brazil Inter Milan 2008 - Vasco da Gama 2008 - Espanyol 2012 - Liverpool 2013 - Barcelona 2018 - Bayern Munich 2019 - Aston Villa 2022 - Al-Duhail 2023 - Vasco da Gama 2024 Philippe Coutinho
88%
Croatia Nordstern Basel 2004 - FC Basel II 2005 - FC Basel 2005 - Schalke 04 2007 - Sevilla 2011 - Barcelona 2014 - Sevilla 2020 - Al-Shabab 2024 - Hajduk Split 2024 Ivan Rakitić
85%
Switzerland FC Basel 2010 - Borussia Mönchengladbach 2012 - Arsenal 2016 - Bayer Leverkusen 2023 Granit Xhaka
80%
Czech Republic Chmel Blšany 1999 - Sparta Prague 2001 - Rennes 2002 - Chelsea 2004 - Arsenal 2015 Petr Čech
75%
France / Spain Baskonia 2011 - Athletic Bilbao B 2012 - Athletic Bilbao 2012 - Manchester City 2018 - Al-Nassr 2023 Aymeric Laporte
73%
England Sheffield United 2011 - Hull City 2014 - Wigan Athletic 2015 - Leicester City 2017 - Manchester United 2019 Harry Maguire
68%
England Barnsley 2011 - Everton 2013 - Manchester City 2016 John Stones
63%
Argentina Arsenal 2012 - Ocford United 2012 - Sheffield Wednesday 2013 - Rotherham United 2015 - Wolverhampton Wanderers 2015 - Getafe 2017 - Reading 2019 - Aston Villa 2020 Emiliano Martínez
60%
Netherlands / Morocco Heerenveen II 2012 - Heerenveen II 2012 - Twente 2014 - Ajax 2016 - Chelsea 2020 - Galatatsaray 2023 - Al-Duhail 2025 Hakim Ziyech
60%
Germany RB Leipzig 2013 - Bayern Munich 2015 Joshua Kimmich
55%
Germany / Cameroon Hamburger SV II 2007 - Hamburger SV 2007 - FC Nürnberg 2009 - Mainz 05 2011 - Mainz 05 II 2012 - Schalke 04 2014 - Stoke City 2017 - Paris Saint-Germain 2018 - Bayern Munich 2020 - New York Red Bulls 2025 Eric Maxim Choupo-Moting
53%
Serbia Vojvodina 2006 - Groningen 2010 - Twente 2012 - Southamtpon 2014 - Ajax 2018 - Fenerbahçe 2023 Dušan Tadić
50%
England Chelsea 2014 - Crystal Palace 2017 - Fulham 2020 - AC Milan 2023 Ruben Loftus-Cheek
40%
France Monaco B 2010 - Monaco 2010 - Paris Saint-Germain 2015 - Fulham 2022 - Boavista 2025 Layvin Kurzawa
23%
No matching quizzes found
Score Distribution
Percent of People with Each Score
Percentile by Number Answered
Your Score History
You have not taken this quiz